Дүрслэх урлаг (Бичлэгийн дугаар. 1145368)

MARC дэлгэрэнгүй
000 -Удирдлага
Ном зүйн бүртгэл тоо буюу кодлох утгыг агуулсан 00578nam a22002177a 4500
003 - ХЯНАЛТЫН ТОО ТОДОРХОЙЛОГЧ
Код MN-UlNLM
005 - ХАМГИЙН СҮҮЛИЙН ҮЕИЙН ХЭЛЦЛИЙН ОГНОО БА ЦАГ
Тухайн бичилтийг бичсэн засварласан сүүлийн огноо. 20260312140053.0
008 - ЕРӨНХИЙ МЭДЭЭЛЭЛ-ЭЛЕМЕНТҮҮДИЙН ӨГӨГДЛИЙН УРТ
fixed length control field 241004b mp ||||| |||| 00| 0 mon d
040 ## - ЭХ СУРВАЛЖИЙГ ТОДОРХОЙЛОН БИЧИХ
Анхны каталогийн байгууллага Монгол Улсын Үндэсний Номын Сан
041 ## - ХЭЛНИЙ КОД
Текстийн хэлний код/фонограм буюу салангид гарчиг Монгол
084 ## - БУСАД АНГИЛЛЫН ДУГААР
Ангиллын нэр Аравтын ангилал
Анги 741
Зохиогчийн 3-н тэмдэгт Б 34
Шинжлэх ухааны мэдлэгийн салбар Урлаг - 85
100 ## - ЗОХИОГЧИЙН ХЭСЭГ
Зохиогчийн нэр Басүх Л., Ширнэн С.
245 ## - ҮНДСЭН ГАРЧИГ
Гарчиг Дүрслэх урлаг
Гарчигт хамааралтай мэдээ III анги
250 ## - ХЭВЛЭЛТИЙН ТУХАЙ МЭДЭЭ
Дахин хэвлэлтийн мэдээ 4
264 ## - ГАРАЛТЫН МЭДЭЭ
Хэвлэгдсэн газар УБ
Бүтээгч, хэвлэгч, түгээгч, үйлдвэрлэгчийн нэр АБЯ-ны хэвл.
Хэвлэгдсэн он 1983
300 ## - ТООНЫ МЭДЭЭ
Хуудасны тоо 63
546 ## - ХЭЛНИЙ ТУХАЙ МЭДЭЭ
Хэл Монгол
653 ## - ТҮЛХҮҮР ҮГС
Түлхүүр үг Урлаг
856 ## - ЭЛЕКТРОН БАЙРЛАЛ БА ХОЛБООС
Төрөл Хэвлэмэл ном
942 ## - ЭЛЕМЕНТИЙН ТӨРӨЛ
Төрөл Ном
Захиалгууд
Буцаан татагдсан төлөв Хасагдсан шалтгаан Ангиллын нэр Гэмтсэн төлөв Данс заагч Захиалах боломжгүй Үндсэн номын сан Одоогийн байршил Салбар танхим Сан хөмрөг 5 Бүртгэсэн огноо Бүрдүүлэлтийн эх үүсвэр Тавиурын заалт Дансны дугаар Баркод Үнэ Хамгийн сүүлд байсан огноо Нийт уншлаганд гарсан тоо Төрөл
    Аравтын ангилал     Албан хэрэгцээнд МУҮндэсний Номын сан МУҮндэсний Номын сан МУҮНС төв | Архив фонд төв байр МУҮНС төв | Архив фонд төв байр 2024-10-04 Нөхөн бүрдүүлэлт 741 Б 34 11608 003110011608 1.10 2024-10-04   Ном